000 01342nam a22002657a 4500
999 _c21770
_d21770
003 AR-CdUCM
008 190425b ||||| |||| 00| 0 spa d
040 _aMUNICIPALIDAD PROVINCIAL DEL CUSCO
_cBIBLIOTECA MUNICIPAL DEL CUSCO
082 _aRev.Univ/N°116/1959
110 _aUniversidad Nacional de San Antonio Abad del Cusco
_915942
245 _aRevista Universitaria :
_bÓrgano de la Universidad del Cuzco /
260 _aCusco :
_b H.G. Rozas,
_c1959.
300 _a432 páginas. :
_c20 cm.
440 _aRevista Universitaria
_nAño XLVIII, 1° semestre 1959, N°116.
_946024
505 _aContenido: La universidad peruana. Mario Cama Miranda. -- Contribución al estudio de arroz en el Departamento del Cuzco. Basilides Antenor Calero del Mar. -- El indio y la tierra en Mariátegui contribución al análisis económico. -- El timpanismo agudo en los vacunos. Agosto Vallenas. -- Fundación de la Villa Amalia de Celendín. Horacio Villanueva Urteaga.
650 _aUniversidad peruana
_912786
650 _aEconomía campesina
_92215
650 _aHistoria Cajamarca
_946025
700 _aVillanueva Urteaga, Horacio
_95790
700 _aCama Miranda, Mario
_946026
700 _aPineda Arce Díaz, Eduardo
_932109
710 _aUniversidad Nacional de San Antonio Abad del Cusco
_915942
942 _2ddc
_cPP
945 _arac